О сроке использования Центроархивом Грузии материалов по заговору 1882 г.

Доступно только в Электронных читальных залах Найти на картеНа карте
RUSMARC
00004171nac2a22002893x 450
0018dd7663d-76c4-4322-a583-23ddcaf93075
00520230719114452.0
100##$a20230613l19291929k y0rusy50 ca
1010#$arus
102##$aRU
105##$ay z |||||
1222#$ad19290830
$ad19290921
1220#$ad1832
2001#$aО сроке использования Центроархивом Грузии материалов по заговору 1882 г.
$j30.08.1929 - 21.09.1929
215##$a4 листа
$d36,8 х 24,3
251##$cДело
300##$aЗаголовок дела на папке: О сроке использования Центроархивом Грузии материалов по заговору 1832 г.
300##$aВ деле обратная нумерация листов
300##$aЧасть текста машинописная и рукописная, часть - напечатана типографским способом
461#0$1001796d4672-8a00-4986-b488-6e42273792cc
$12001
$aЦЕНТРАЛЬНЫЙ ИСПОЛНИТЕЛЬНЫЙ КОМИТЕТ СССР (ЦИК СССР).
$1251
$cФонд
$1852
$gР
$j3316
462#0$10016e6e8ba4-e15f-4ad4-8937-f1e88c150bfe
$12001
$aДела Секретариата Президиума ЦИК Союза ССР. 1929 г.
$vД. 881
$1251
$cОпись
$1852
$j22
5171#$aО сроке использования Центроархивом Грузии материалов по заговору 1832 г.
60101$3RU\NLR\AUTH\880357276
$aСССР
$bЦИК
60102$aЦентроархив Грузии
801#0$aRU
$bGA_RF
801#1$aRU
$bГлавНИВЦ
$c20230613
$2rusmarc
801#2$aRU
$bПБ им. Б.Н. Ельцина
$c20230719
$gRCR
$2rusmarc
852##$aГА РФ
$j881
937##$d186654909
$hГАРФ
035##$aRuPRLIB51072592
856##$uhttp://readingroom.main.prlib.ru/item.aspx?id_node=n186654909&mode=full
Формат отображения